Statistiche per Immagini satellitari - Quiz n°5

Clicka qui per fare il quiz!

Statistiche generali

  • Questo quiz è stato fatto 1.727 volte
    (1.726 dall'ultimo reset)
  • Il punteggio medio è 7 su 15

Statistiche sulle risposte

Risposta% Corretto
Groenlandia
92%
Pentagono
86%
Stretto di {Gibilterra}
84%
Indonesia
83%
Croazia
74%
Londra
60%
Caucaso
49%
Costa Rica
42%
Golfo del {Bengala}
42%
Kuwait
38%
Isola del Nord
27%
Delta del Gange
25%
Lago Bajkal
23%
Hong Kong
17%
Stretto di {Puget}
7%

Distribuzione punteggi

Percentile per numero di risposta

Percentuale di utenti per punteggio

I tuoi punteggi nel tempo

Non hai fatto questo quiz dall'ultimo reset